[Event "Club Championships"]
[Site "Wellington Chess Club"]
[Date "2011.09.13"]
[Round "8"]
[White "Nyberg, Michael"]
[Black "Van der Hoorn, Mark"]
[Result "0-1"]
[WhiteElo "2070"]
[BlackElo "2178"]

1. e4 c6 2. d3 d5 3. Nd2 e5 4. g3 Bc5 5. Bg2 Be6 6. c3 Nd7 7. b4 Bb6 8. Ne2 Qf6
9. O-O h5 10. a4 h4 11. Nf3 Bg4 12. Nxh4 Ne7 13. a5 Bc7 14. Qd2 O-O-O 15. f3
Be6 16. f4 dxe4 17. Bxe4 Bh3 18. Rf2 Rxh4 19. gxh4 Qxh4 20. fxe5 Nxe5 21. Qg5
Qxe4 22. Qe3 Rxd3 0-1

[Event "Club Championships"]
[Site "Wellington Chess Club"]
[Date "2011.09.13"]
[Round "8"]
[White "Rabina, Romeo"]
[Black "Kay, Bruce"]
[Result "1-0"]
[WhiteElo "1773"]
[BlackElo "1862"]

1. Nf3 Nf6 2. d4 c5 3. e3 e6 4. c4 d5 5. cxd5 exd5 6. Nc3 Nc6 7. Be2 Be7 8.
dxc5 Bxc5 9. O-O O-O 10. a3 a5 11. Qc2 Ba7 12. Rd1 Be6 13. b3 Qe7 14. Bd2 Rac8
15. Qb1 Rfd8 16. Nb5 Bb6 17. Be1 h6 18. h3 Ne4 19. Nbd4 Qf6 20. Nb5 Ne7 21. Bd3
Nc5 22. Bc3 d4 23. Bxd4 Rxd4 24. Nbxd4 Nxd3 25. Qxd3 Ng6 26. Nxe6 Qxe6 27. Qd5
Qxd5 28. Rxd5 Rc3 29. Rb5 Rc6 30. Kf1 Kf8 31. Rd1 Ke7 32. Ke2 Ke8 33. Nd4 Bxd4
34. Rxd4 b6 35. Rbd5 Ke7 36. Kd3 Nf8 37. Rc4 Rf6 38. f4 g6 39. g4 Rd6 40. Rxd6
Kxd6 41. b4 axb4 42. axb4 Nd7 43. Ke4 Nf6+ 44. Kd4 Nd7 1-0

[Event "Club Championships"]
[Site "Wellington Chess Club"]
[Date "2011.09.13"]
[Round "8"]
[White "Roberts, Michael"]
[Black "Brockway, Andrew"]
[Result "1/2-1/2"]
[WhiteElo "1775"]
[BlackElo "1848"]

1. d4 Nf6 2. c4 e6 3. Nf3 Bb4+ 4. Bd2 Qe7 5. a3 Bxd2+ 6. Nfxd2 Nc6 7. e3 d6 8.
Nc3 e5 9. d5 Nb8 10. Be2 O-O 11. e4 b6 12. O-O Nbd7 13. b4 Re8 14. Qc2 Nf8 15.
Nb3 Ng6 16. c5 Nf4 17. cxd6 Nxe2+ 18. Qxe2 cxd6 19. Rac1 Bb7 20. Nd1 Qd7 21. f3
Rec8 22. Ne3 Qa4 23. Qb2 Qb5 24. Nf5 Qd7 25. Nd2 Ba6 26. Rfe1 g6 27. Ne3 Rxc1
28. Rxc1 Rc8 29. Rxc8+ Qxc8 30. b5 Qc5 31. bxa6 Qxe3+ 32. Kf1 Qd3+ 33. Kf2 Qxa6
34. Qc3 Qb5 35. Qc6 Qc5+ 36. Qxc5 dxc5 37. Nc4 Nd7 38. Ke2 Kf8 39. Kd3 Ke7 40.
Kc3 f5 41. a4 a6 42. Kd3 b5 43. axb5 axb5 44. Na3 fxe4+ 45. fxe4 b4 46. Nc4 Nf6
47. Nxe5 Kd6 48. Nc4+ 1/2-1/2

[Event "Club Championships"]
[Site "Wellington Chess Club"]
[Date "2011.09.13"]
[Round "8"]
[White "Sellen, Ian"]
[Black "Nijman, Brian"]
[Result "0-1"]
[WhiteElo "2061"]
[BlackElo "2196"]

1. c4 b6 2. Nf3 Bb7 3. d4 e6 4. Nc3 Bb4 5. Qc2 Qe7 6. Bf4 Bxc3+ 7. Qxc3 d6 8.
e3 Nf6 9. h3 Nbd7 10. Be2 e5 11. dxe5 dxe5 12. Bg5 O-O-O 13. O-O-O Rde8 14. Nh4
Qe6 15. Bxf6 Nxf6 16. Bf3 e4 17. Bg4 Nxg4 18. hxg4 Qxg4 19. g3 f6 20. Rd2 g5
21. Ng2 Qf3 22. Rg1 Rd8 23. Ne1 Qf5 24. Nc2 Rxd2 25. Qxd2 Rd8 26. Qe2 Qa5 27.
Rh1 Ba6 28. a3 Qc5 29. b4 Qxc4 30. Qxc4 Bxc4 31. Rxh7 Rd7 32. Rh6 Rd6 33. Nd4
b5 34. Kc2 Kb7 35. Kc3 Bd3 36. Kb3 a5 37. Rh7 axb4 38. axb4 Kb6 39. Kc3 c5 40.
bxc5+ Kxc5 41. Rc7+ Kb6 42. Rf7 Kc5 43. Rc7+ Kd5 44. Kb4 Ra6 45. Rc5+ Kd6 46.
Nxb5+ Ke7 47. Nd4 Kf7 48. Nb3 Kg6 49. Nc1 Bf1 50. Kc3 Rd6 51. Rc7 Kh5 52. Re7
f5 53. Nb3 Kg4 54. Nd4 Rf6 55. Re5 Bg2 56. Kd2 f4 57. gxf4 gxf4 58. Ke2 Ra6 59.
exf4 Ra2+ 60. Ke3 Ra3+ 61. Ke2 Bf3+ 62. Ke1 Ra1+ 63. Kd2 Ra2+ 64. Nc2 Kxf4 65.
Re7 Bg2 66. Rf7+ Ke5 67. Rc7 Bf1 68. Kc3 Be2 69. Kb3 Ra8 70. Rf7 Bd1 71. Kb2
Rc8 72. Ne3 Bf3 73. Rf5+ Ke6 74. Rb5 Rh8 75. Kc3 Rh2 76. Rb2 Ke5 77. Rd2 Kf4
78. Nd5+ Kg4 79. Kd4 Rh8 80. Nc3 Ra8 81. Nd5 Ra4+ 82. Ke5 Ra5 83. Kd4 Rxd5+ 84.
Ke3 Rxd2 85. Kxd2 0-1

[Event "Club Championships"]
[Site "Wellington Chess Club"]
[Date "2011.09.13"]
[Round "8"]
[White "Whittle, Jonathon"]
[Black "Sknar, Andrew"]
[Result "1-0"]
[WhiteElo "1688"]
[BlackElo "1041"]

1. e4 e5 2. Nf3 d6 3. d3 f5 4. Nc3 Be6 5. Be2 Be7 6. exf5 Bxf5 7. O-O Qd7 8. d4
Nc6 9. dxe5 dxe5 10. Nd5 Nf6 11. c4 Nxd5 12. cxd5 Nb4 13. Nxe5 Qxd5 14. Bf4
Qxd1 15. Rfxd1 Nc2 16. Rac1 Bf6 17. Bc4 Be4 18. Bf7+ Kf8 19. Bb3 Nb4 20. Rxc7
Ke8 21. Ba4+ Kf8 22. Rf7+ Kg8 23. Bb3 Rd8 24. Rxd8+ Bxd8 25. Rd7+ Kf8 26. Rxd8+
Ke7 27. Rxh8 Nd3 28. Nxd3 Bxd3 29. Bg5+ Kd7 30. Rd8+ Kc7 31. Rxd3 Kc6 32. Be7
Kb5 33. Rd5+ Kc6 34. Bc4 Kc7 35. Bb5 Kb6 36. Bd8# 1-0

[Event "Club Championships"]
[Site "Wellington Chess Club"]
[Date "2011.09.13"]
[Round "8"]
[White "Wilkins, Mark"]
[Black "Ker, Anthony"]
[Result "0-1"]
[WhiteElo "1941"]
[BlackElo "2479"]

1. d4 d6 2. Bg5 h6 3. Bh4 g5 4. Bg3 Bg7 5. e3 c5 6. c3 Qb6 7. Qc1 Bf5 8. Nd2
Nf6 9. f3 cxd4 10. e4 dxc3 11. bxc3 Be6 12. Bf2 Qc7 13. Bb5+ Nc6 14. Ne2 O-O
15. O-O Rac8 16. Qa3 a6 17. Bxc6 Qxc6 18. Rab1 b5 19. Rfc1 d5 20. Nd4 Qd6 21.
Qxd6 exd6 22. exd5 Nxd5 23. c4 Nf4 24. Nxe6 fxe6 25. Kf1 Nd3 26. Rc2 Rc6 27.
Rb3 Nxf2 28. Kxf2 Rfc8 29. Rb4 d5 30. a4 bxc4 31. Ke2 a5 32. Rb5 d4 33. Rc1 d3+
34. Kd1 Bd4 35. Ne4 c3 36. Rb3 Kf7 37. Rb7+ Kg6 38. Rb3 Kf5 39. g3 g4 40. Rb5+
e5 0-1

[Event "Club Championships"]
[Site "Wellington Chess Club"]
[Date "2011.09.20"]
[Round "9"]
[White "Aldridge, Alan"]
[Black "Sellen, Ian"]
[Result "0-1"]
[WhiteElo "1914"]
[BlackElo "2061"]

1. d4 d5 2. c4 e6 3. Nc3 Nf6 4. Nf3 Be7 5. e3 O-O 6. Bd3 c5 7. O-O Nc6 8. b3 b6
9. Bb2 cxd4 10. exd4 Bb7 11. Rc1 Nb4 12. Bb1 Rc8 (12... dxc4 13. a3 (13. bxc4
Bxf3 14. Qxf3 Qxd4 15. a3 Na6) 13... Nd3 14. Bxd3 cxd3 15. Qxd3 Bxf3 16. Qxf3
Qxd4 17. Rfd1 Qg4) 13. Ne5 Ba6 14. a3 Nc6 15. b4 Nxe5 (15... Bxc4 16. Nxc4 dxc4
17. Nb5 a6 18. Nc3) 16. dxe5 Ne4 17. Nxe4 dxe4 18. Qe2 Qc7 19. Qxe4 g6 20. Bd3
Rfd8 21. Rfd1 Rd7 22. b5 Bb7 23. Qg4 Rcd8 24. Qe2 Qc5 25. Bc2 Bg5 26. Rxd7 Rxd7
27. Rd1 Rc7 28. Bd3 Bh6 29. a4 Bg5 30. Ra1 a5 31. Qg4 Qe7 32. Bd4 Rd7 33. Be2
h5 34. Qg3 Rxd4 0-1

[Event "Club Championships"]
[Site "Wellington Chess Club"]
[Date "2011.09.20"]
[Round "9"]
[White "Brockway, Andrew"]
[Black "Jhurani, Anil"]
[Result "0-1"]
[WhiteElo "1848"]
[BlackElo "1723"]

1. e4 c5 2. Nc3 e6 3. f4 f6 4. Nf3 Nc6 5. Bb5 Qc7 6. Bxc6 Qxc6 7. d3 b5 8. e5
d6 9. exd6 Bxd6 10. Ne4 Bc7 11. O-O Ne7 12. Be3 Bb6 13. Kh1 Nd5 14. Bd2 O-O 15.
c4 bxc4 16. dxc4 Nxf4 17. Bxf4 Qxe4 18. Nd2 Qd4 19. Qc2 e5 20. Nb3 Qd7 21. Rad1
Qg4 22. Be3 Be6 23. Bxc5 Bxc5 24. Nxc5 Qxc4 25. Qxc4 Bxc4 26. Rf2 Rfc8 27. b4
a5 28. a3 axb4 29. axb4 Rab8 30. Rb2 Rxc5 31. bxc5 Rxb2 32. c6 Be6 33. c7 Rc2
0-1

[Event "Club Championships"]
[Site "Wellington Chess Club"]
[Date "2011.09.20"]
[Round "9"]
[White "Dive, Russell"]
[Black "Wilkins, Mark"]
[Result "1-0"]
[WhiteElo "2434"]
[BlackElo "1941"]

1. c4 e6 2. g3 d5 3. Bg2 Nf6 4. Nf3 dxc4 5. Qa4+ Bd7 6. Qxc4 c5 7. Ne5 Qc7 8.
d4 b5 9. Qc2 Nc6 10. Nxd7 Qxd7 11. dxc5 Rc8 12. O-O Nb4 13. Qb3 Bxc5 14. Rd1
Qe7 15. Nc3 a6 16. a4 O-O 17. axb5 axb5 18. Ra5 Ng4 19. e3 Rfd8 20. Ne4 Ne5 21.
Rxd8+ Qxd8 22. Rxb5 Bf8 23. Bd2 Nd5 24. h4 h5 25. Ng5 g6 26. Bxd5 exd5 27. Rxd5
Qe7 28. Rxe5 1-0

[Event "Club Championships"]
[Site "Wellington Chess Club"]
[Date "2011.09.20"]
[Round "9"]
[White "Farrington, Lawrence"]
[Black "Rabina, Romeo"]
[Result "1/2-1/2"]
[WhiteElo "1737"]
[BlackElo "1773"]

1. e4 c5 2. c3 Nc6 3. Nf3 d6 4. d4 cxd4 5. cxd4 Bd7 6. a3 e6 7. Bd3 Nf6 8. O-O
Be7 9. Nc3 O-O 10. Bg5 h6 11. Be3 Rc8 12. Rc1 b6 13. h3 Na5 14. e5 Nd5 15. Nxd5
exd5 16. b4 Nc4 17. Qb3 Be6 18. exd6 Bxd6 19. Rfe1 Qf6 20. Nd2 b5 21. Nf1 Rfe8
22. Bb1 Bf5 23. Bxf5 Qxf5 24. Rc3 Bf4 25. Rec1 Bd6 26. Qc2 Qd7 27. Qa2 a6 28.
Qa1 f5 29. f3 Qf7 30. Bf2 Qf6 31. Re1 g5 32. Qd1 Ra8 33. Rxe8+ Rxe8 34. Ne3
Nxe3 35. Bxe3 Qe6 36. Bf2 f4 1/2-1/2

[Event "Club Championships"]
[Site "Wellington Chess Club"]
[Date "2011.09.20"]
[Round "9"]
[White "Kay, Bruce"]
[Black "Havukkala, Ilkka"]
[Result "1-0"]
[WhiteElo "1862"]
[BlackElo "1877"]

1. d4 d5 2. c4 e6 3. Nc3 Nf6 4. Bg5 Be7 5. e3 O-O 6. Nf3 b6 7. cxd5 Nxd5 8.
Bxe7 Qxe7 9. Nxd5 exd5 10. Bd3 Be6 11. O-O Nd7 12. Rc1 c5 13. Bb1 f5 14. Qd2 g5
15. dxc5 bxc5 16. Qc3 Rac8 17. Rfd1 g4 18. Ne5 Nf6 19. Nd3 c4 20. Nf4 Rc6 21.
Qe5 Nd7 22. Nxd5 Qc5 23. Qd4 Bxd5 24. Qxd5+ Rf7 25. Bxf5 Nb6 26. Qxc5 Rxc5 27.
Be6 1-0

[Event "Club Championships"]
[Site "Wellington Chess Club"]
[Date "2011.09.20"]
[Round "9"]
[White "Ker, Anthony"]
[Black "Nyberg, Michael"]
[Result "1-0"]
[WhiteElo "2479"]
[BlackElo "2070"]

1. e4 e6 2. d4 b6 3. c4 Bb7 4. Nc3 Bb4 5. d5 Qe7 6. Be2 exd5 7. exd5 Nf6 8. Nf3
O-O 9. O-O Bxc3 10. bxc3 d6 11. Re1 Qd7 12. Bg5 Ne4 13. Qc2 Nxg5 14. Nxg5 g6
15. Qd2 Na6 16. Qd4 Nc5 17. Qh4 f5 18. Bf3 Rae8 19. Ne6 Rf7 20. Re3 Ba6 21.
Rae1 Rfe7 22. g4 f4 23. Nxc5 Rxe3 24. Nxd7 Rxe1+ 25. Kg2 Bxc4 26. h3 R8e7 27.
Nf6+ Kg7 28. g5 Kh8 29. Qh6 Rg7 30. Nxh7 Kg8 31. Nf6+ Kf7 32. Bg4 Bxa2 33. Be6+
Rxe6 34. dxe6+ Kxe6 35. Qh8 1-0

[Event "Club Championships"]
[Site "Wellington Chess Club"]
[Date "2011.09.20"]
[Round "9"]
[White "Marney, John"]
[Black "Palmer, Luke"]
[Result "1-0"]
[WhiteElo "1603"]
[BlackElo "1195"]

1. e4 e5 2. Nf3 Nc6 3. d4 exd4 4. Bc4 Nf6 5. e5 Ne4 6. Qe2 d5 7. Bb5 Bg4 8. h3
Bxf3 9. Qxf3 Bc5 10. O-O O-O 11. Bxc6 bxc6 12. Bf4 Qb8 13. Qb3 Qxb3 14. axb3
Rfe8 15. Kh1 Rab8 16. f3 Ng5 17. Bxg5 Rxe5 18. Bf4 Re2 19. Na3 d3 20. cxd3 Rxb2
21. Rfc1 Bxa3 22. Rxa3 R2xb3 23. Rxb3 Rxb3 24. Rxc6 Rxd3 25. Rxc7 a6 26. Rc8#
1-0

[Event "Club Championships"]
[Site "Wellington Chess Club"]
[Date "2011.09.20"]
[Round "9"]
[White "Stoeveken, Peter"]
[Black "Roberts, Michael"]
[Result "1-0"]
[WhiteElo "1740"]
[BlackElo "1775"]

1. d4 Nf6 2. c4 e6 3. Bg5 c5 4. Nf3 cxd4 5. Qxd4 Nc6 6. Qf4 Be7 7. e3 d6 8. Nc3
h6 9. Bxf6 Bxf6 10. Ne4 Qa5+ 11. Nfd2 Be5 12. Nxd6+ Kd7 13. Qxf7+ Kxd6 14. Ke2
Bd7 15. Nb3 Qd8 16. Rd1+ Kc7 17. Nc5 Bd6 1-0

[Event "Club Championships"]
[Site "Wellington Chess Club"]
[Date "2011.09.20"]
[Round "9"]
[White "Van der Hoorn, Mark"]
[Black "Jackson, Ross"]
[Result "1-0"]
[WhiteElo "2178"]
[BlackElo "1975"]

1. d4 d5 2. Bf4 Nf6 3. e3 e6 4. Nd2 Be7 5. Bd3 Nbd7 6. Ngf3 c5 7. c3 Qb6 8. Rb1
O-O 9. Ne5 Bd6 10. Nec4 dxc4 11. Nxc4 Qa6 12. Bxd6 b5 13. Bxf8 bxc4 14. Be2
Kxf8 15. b3 Bb7 16. O-O Be4 17. Rb2 Qc6 18. bxc4 Nb6 19. f3 Bg6 20. Rb5 Nfd7
21. Qb3 Rb8 22. Qa3 a6 23. Ra5 Ra8 24. Rd1 f6 25. Rxa6 Rxa6 26. Qxa6 Qa4 27.
Qxa4 Nxa4 28. d5 Nxc3 29. dxe6 Ne5 30. Rd2 Nxe2+ 31. Rxe2 Bd3 32. Rd2 Bxc4 33.
f4 Ng4 34. h3 Nxe3 35. a4 Ke7 36. Kf2 Nd5 37. f5 g6 38. Rc2 Bb3 39. Rxc5 gxf5
40. a5 Kd6 41. Rb5 Bc4 42. Rb7 Kxe6 43. Rxh7 f4 44. Rb7 Kf5 45. Kf3 Bd3 46. Rg7
Nc3 47. h4 Be4+ 48. Kf2 Nd1+ 49. Kg1 Ne3 50. h5 Ng4 51. a6 f3 52. Rxg4 Kxg4 53.
gxf3+ Bxf3 54. h6 Be4 55. a7 Kg5 56. h7 Bxh7 57. a8=Q Bg6 58. Kf2 Bf5 59. Kg3
Bg6 60. Qd8 Bf5 61. Qd4 Kg6 62. Kf4 Bc2 63. Qc4 Bf5 64. Qg8+ 1-0

[Event "Club Championships"]
[Site "Wellington Chess Club"]
[Date "2011.09.27"]
[Round "4"]
[White "Dive, Russell"]
[Black "Van der Hoorn, Mark"]
[Result "1-0"]
[WhiteElo "2434"]
[BlackElo "2178"]

1. Nf3 d5 2. c4 e6 3. g3 Nf6 4. Bg2 Be7 5. O-O O-O 6. b3 Nbd7 7. Bb2 c5 8. e3
b6 9. Qe2 Bb7 10. d3 Qc7 11. Nc3 Rad8 12. e4 dxe4 13. dxe4 a6 14. Rfe1 Ng4 15.
Rad1 Nde5 16. Nxe5 Nxe5 17. f4 Nc6 18. Nd5 exd5 19. exd5 Bd6 20. dxc6 Bxc6 21.
Bxc6 Qxc6 22. Qg4 g6 23. f5 Rde8 24. fxg6 fxg6 25. Re6 1-0

[Event "Club Championships"]
[Site "Wellington Chess Club"]
[Date "2011.09.27"]
[Round "4"]
[White "Gillespie, John"]
[Black "Ranson, Bryce"]
[Result "1-0"]
[WhiteElo "1574"]
[BlackElo "1362"]

1. d4 e6 2. e4 c5 3. Nf3 b6 4. Be2 h6 5. Nc3 Bb7 6. d5 Nf6 7. dxe6 fxe6 8. e5
Ne4 9. Nxe4 Bxe4 10. O-O Nc6 11. Bf4 g6 12. Nd2 Bf5 13. g4 Bxc2 14. Qxc2 Nd4
15. Qxg6+ 1-0

[Event "Club Championships"]
[Site "Wellington Chess Club"]
[Date "2011.09.27"]
[Round "4"]
[White "Nijman, Brian"]
[Black "Aldridge, Alan"]
[Result "0-1"]
[WhiteElo "1914"]
[BlackElo "2196"]

1. d4 Nf6 2. Nc3 d5 3. Bg5 Bf5 4. e3 e6 5. g4 Bg6 6. Nge2 h6 7. Bh4 c6 8. Nf4
Bh7 9. Bxf6 gxf6 10. Bd3 Bxd3 11. Qxd3 Qc7 12. O-O-O Nd7 13. Kb1 O-O-O 14. Rc1
Nb6 15. b3 Ba3 16. Rcd1 Kb8 17. Ka1 Bd6 18. Nce2 c5 19. Qd2 c4 20. Qa5 Rc8 21.
c3 cxb3 22. axb3 Qe7 23. Rd2 Rc6 24. Ra2 Nc8 25. b4 Ra6 26. Qb5 Rxa2+ 27. Kxa2
Bxf4 28. Nxf4 Nd6 29. Qd3 Ne4 30. Rf1 Rc8 31. Ne2 Qc7 32. Kb3 Qxh2 33. f3 Qh3
34. Nf4 Nd2+ 35. Qxd2 Qxf1 36. Nd3 Qxf3 37. Qh2+ Ka8 38. Qd6 Qd1+ 0-1

[Event "Club Championships"]
[Site "Wellington Chess Club"]
[Date "2011.09.27"]
[Round "4"]
[White "Rabina, Romeo"]
[Black "Jhurani, Anil"]
[Result "0-1"]
[WhiteElo "1773"]
[BlackElo "1723"]

1. d4 d5 2. Nf3 Nf6 3. e3 Bg4 4. c4 c6 5. Bd3 e6 6. h3 Bh5 7. g4 Bg6 8. Bxg6
hxg6 9. Ne5 Bd6 10. cxd5 exd5 11. Nd3 Nbd7 12. Nc3 Qe7 13. Qf3 Bc7 14. a3 Bb6
15. b4 Bxd4 16. Bb2 Ne5 17. Qe2 Bxc3+ 18. Bxc3 Nexg4 19. Qf3 Nh6 20. Nc5 O-O
21. O-O-O a5 22. Rhg1 axb4 23. Bxb4 b6 24. Ne4 c5 25. Nxf6+ gxf6 26. Bc3 Kg7
27. Bb2 Ng8 28. Rxd5 b5 29. Qh5 b4 30. Rdg5 Qe4 31. R1g4 Qh1+ 32. Kc2 b3+ 33.
Kxb3 Qd1+ 34. Kc3 fxg5 35. Qxg5 Nf6 36. Rh4 Rh8 37. Rxh8 Rxh8 38. Kc4 Qa4+ 39.
Kc3 Rh5 0-1

[Event "Club Championships"]
[Site "Wellington Chess Club"]
[Date "2011.09.27"]
[Round "4"]
[White "Sellen, Ian"]
[Black "Ker, Anthony"]
[Result "0-1"]
[WhiteElo "2061"]
[BlackElo "2479"]

1. c4 d6 2. Nc3 e5 3. Nf3 f5 4. e3 Nf6 5. d4 e4 6. Nd2 c6 7. Be2 d5 8. O-O Bd6
9. cxd5 cxd5 10. Nb5 Be7 11. Qc2 Nc6 12. f3 O-O 13. Nb3 Kh8 14. Bd2 a6 15. Nc3
Qd6 16. Rac1 Nb4 17. Qb1 b6 18. a3 Nc6 19. Be1 exf3 20. Bxf3 Qe6 21. Bd2 Bb7
22. Qd3 Bd6 23. Ne2 g5 24. g3 h5 25. Be1 Rae8 26. Bf2 Ne4 27. Bxe4 fxe4 28. Qd1
Re7 29. Nc3 Rh7 30. Qe2 h4 31. Be1 Rxf1+ 32. Qxf1 Kg8 33. Rc2 hxg3 34. Bxg3
Bxg3 35. hxg3 Qh6 36. Qg2 Ne7 37. Rf2 Bc8 38. Nxd5 Nxd5 39. Qxe4 Qe6 40. Qxe6+
Bxe6 41. e4 Nc7 42. d5 Nxd5 43. exd5 Bxd5 0-1

[Event "Club Championships"]
[Site "Wellington Chess Club"]
[Date "2011.09.27"]
[Round "4"]
[White "Wilkins, Mark"]
[Black "Nyberg, Michael"]
[Result "0-1"]
[WhiteElo "1941"]
[BlackElo "2070"]

1. d4 f5 2. c4 Nf6 3. Nc3 e6 4. e3 Be7 5. Bd3 c6 6. Nge2 d5 7. Nf4 g5 8. Nh5
O-O 9. Nxf6+ Rxf6 10. g4 dxc4 11. Bxc4 b5 12. Bxb5 cxb5 13. Qf3 b4 14. Ne2 Qd5
15. Qxd5 exd5 16. gxf5 Bxf5 17. Ng3 Be4 18. Rg1 Nd7 19. b3 h6 20. Bd2 Rc6 21.
Ke2 Bg6 22. Rac1 Rac8 23. f3 Rxc1 24. Rxc1 Rxc1 25. Bxc1 Bb1 26. Kd2 a5 27. e4
dxe4 28. fxe4 Nf6 29. e5 Nd5 30. Bb2 Bxa2 31. Nf5 Bxb3 32. Nxh6+ Kh7 33. Nf5
Kg6 34. Ng3 a4 35. Kd3 a3 36. Ba1 Nf4+ 37. Kd2 Bc4 38. Ne4 Bd5 39. Nf2 b3 40.
Nd1 Bb4+ 41. Bc3 a2 0-1

[Event "Club Championships"]
[Site "Wellington Chess Club"]
[Date "2011.09.27"]
[Round "6"]
[White "Havukkala, Ilkka"]
[Black "Stracy, Don"]
[Result "0-1"]
[WhiteElo "1877"]
[BlackElo "1751"]

1. d4 Nf6 2. c4 e6 3. Nc3 Bb4 4. a3 Bxc3+ 5. bxc3 c5 6. Nf3 d6 7. Qc2 Qc7 8. e4
e5 9. Bd3 O-O 10. Bg5 Nbd7 11. Nh4 Re8 12. Nf5 cxd4 13. cxd4 exd4 14. O-O b6
15. Rae1 Bb7 16. Bf4 Ne5 17. f3 Rac8 18. Bxe5 dxe5 19. Qd2 Qc5 20. Nxg7 Kxg7
21. Qg5+ Kf8 22. Qxf6 Re6 23. Qh8+ Ke7 24. Qxh7 Qxa3 25. Rd1 Ba6 26. f4 Rf8 27.
Ra1 Qxd3 28. Rxa6 Qe3+ 29. Kh1 Qe2 30. Rxa7+ Kd6 31. fxe5+ Kc5 32. Rc7+ Kb4 33.
Rb1+ Kc3 34. Qh3+ d3 35. c5 b5 36. Rd7 Kc2 37. Ra1 Kb2 38. Rda7 Qxe4 39. R7a2+
Kb3 40. Ra3+ Kc4 41. Rc1+ Kd4 42. Rd1 Kxc5 43. Raxd3 Qxe5 44. Rc1+ Kb6 45. Rdd1
Rh8 0-1

[Event "Club Championships"]
[Site "Wellington Chess Club"]
[Date "2011.10.04"]
[Round "1"]
[White "Aldridge, Alan"]
[Black "Van der Hoorn, Mark"]
[Result "0-1"]
[WhiteElo "1914"]
[BlackElo "2178"]

1. d4 d5 2. c4 c6 3. Nc3 Nf6 4. Nf3 e6 5. Bg5 Nbd7 6. e3 Qa5 7. Bxf6 Nxf6 8.
Rc1 Be7 9. Bd3 dxc4 10. Bxc4 O-O 11. O-O c5 12. Qe2 a6 13. a4 Rd8 14. Rfd1 Bd7
15. b3 Rab8 16. Ne5 Be8 17. dxc5 Rxd1+ 18. Qxd1 Rd8 19. Qc2 Bxc5 20. Nd3 Ba3
21. Ra1 Bd6 22. Nf4 g5 23. Nfe2 Qe5 24. g3 b5 25. axb5 axb5 26. Bxb5 Bxb5 27.
Ra5 Bd3 28. Qa2 Nd5 29. Nxd5 exd5 30. Nd4 g4 31. Qd2 Qe4 32. b4 Rc8 33. Ra1 Be5
34. Rd1 Ba6 35. b5 Bb7 36. Qb2 h5 37. Qa3 Bxd4 38. exd4 Qe2 39. Rc1 Qxb5 40.
Rxc8+ Bxc8 41. Qe7 Bf5 0-1

[Event "Club Championships"]
[Site "Wellington Chess Club"]
[Date "2011.10.04"]
[Round "2"]
[White "Gillespie, John"]
[Black "Palmer, Luke"]
[Result "1-0"]
[WhiteElo "1574"]
[BlackElo "1195"]

1. e4 e5 2. Nf3 Nc6 3. Bb5 Nf6 4. O-O d5 5. Nxe5 Bd7 6. Nxd7 Qxd7 7. e5 Ne4 8.
d3 Nc5 9. c4 a6 10. Bxc6 Qxc6 11. Qf3 Qe6 12. d4 Ne4 13. cxd5 Qxd5 14. Nd2 Qxd4
15. Qxe4 Qxe4 16. Nxe4 O-O-O 17. Be3 Rd5 18. f4 Rd3 19. Bf2 Be7 20. Rac1 f5 21.
exf6 gxf6 22. Bc5 Bxc5+ 23. Nxc5 Rd2 24. Ne6 c6 25. Rf2 Rd6 26. f5 Rg8 27. h3
Re8 28. Re1 Re7 29. Rfe2 Rf7 30. Nc5 Rd5 31. Re8+ Kc7 32. R8e7+ Rxe7 33. Rxe7+
Kc8 34. Nxb7 h6 35. b4 Rxf5 36. Nd6+ Kd8 37. Nxf5 h5 38. Ra7 a5 39. a3 axb4 40.
axb4 Kc8 41. Nd4 h4 42. Nxc6 f5 43. b5 f4 44. Ne7+ Kb8 45. Nc6+ Kc8 46. b6 f3
47. Ne7+ Kb8 48. Nd5 f2+ 49. Kxf2 Kc8 50. Rc7+ Kb8 51. Nb4 Ka8 52. Ke3 Kb8 53.
Nc6+ Ka8 54. Ra7# 1-0

[Event "Club Championships"]
[Site "Wellington Chess Club"]
[Date "2011.10.04"]
[Round "6"]
[White "Whittle, Jonathon"]
[Black "Veldhuizen, Matt"]
[Result "1/2-1/2"]
[WhiteElo "1688"]
[BlackElo "1467"]

1. Nf3 f5 2. g3 Nf6 3. Bg2 e6 4. d3 d5 5. c4 c6 6. Nc3 Be7 7. b3 O-O 8. Bb2
Nbd7 9. e3 Qe8 10. Ne2 Bb4+ 11. Bc3 Bxc3+ 12. Nxc3 Qe7 13. O-O Qe8 14. d4 Ne4
15. Ne2 Qh5 16. Nf4 Qf7 17. Nd3 g5 18. Nfe5 Qg7 19. Bxe4 fxe4 20. Nxd7 Bxd7 21.
Ne5 Be8 22. c5 Qh6 23. Kg2 Bh5 24. g4 Bg6 25. b4 a6 26. a4 Qg7 27. Qe2 Be8 28.
f3 exf3+ 29. Rxf3 Bg6 30. Nxg6 Qxg6 31. Raf1 Rxf3 32. Rxf3 Qe4 33. Kg3 Rf8 34.
Qf2 Rxf3+ 35. Qxf3 Qxf3+ 36. Kxf3 1/2-1/2

[Event "Club Championships"]
[Site "Wellington Chess Club"]
[Date "2011.10.11"]
[Round "6"]
[White "Forster, Bill"]
[Black "Van der Hoorn, Mark"]
[Result "0-1"]
[WhiteElo "1995"]
[BlackElo "2178"]

1. Nf3 d5 2. c4 d4 3. b4 f6 4. Bb2 e5 5. a3 c5 6. bxc5 Bg4 7. Qb3 Nd7 8. d3
Bxf3 9. gxf3 Ne7 10. Bh3 Nxc5 11. Qc2 Ng6 12. Bc1 a5 13. a4 Na6 14. Ba3 Nf4 15.
Bf5 Bb4+ 16. Kf1 Nc5 17. Nd2 g6 18. Be4 f5 19. Bd5 Qg5 20. Rg1 Qh4 21. Bxb4
axb4 22. Nb3 Qxh2 23. Rg3 Nh3 24. Rxh3 Qxh3+ 25. Kg1 Rxa4 26. Rxa4 Nxa4 27.
Nxd4 Nc3 28. Nb5 Nxd5 29. cxd5 O-O 30. d6 f4 31. Qc4+ Kg7 32. Qc7+ Rf7 33. d7
Qxd7 34. Qxe5+ Rf6 35. Nc7 Kf7 0-1

[Event "Club Championships"]
[Site "Wellington Chess Club"]
[Date "2011.10.11"]
[Round "6"]
[White "Roberts, Michael"]
[Black "Jhurani, Anil"]
[Result "0-1"]
[WhiteElo "1775"]
[BlackElo "1723"]

1. d4 Nf6 2. c4 g6 3. Nc3 Bg7 4. e4 d6 5. Nf3 O-O 6. Be2 Nbd7 7. O-O e5 8. Qc2
Re8 9. d5 c6 10. Rd1 cxd5 11. Nxd5 b6 12. Ne1 Bb7 13. Nc3 Nc5 14. f3 Qe7 15.
Be3 h6 16. Qd2 Rad8 17. Bxh6 Kh7 18. Be3 Rh8 19. Bf1 Nh5 20. Qf2 Bf6 21. Nc2
Bh4 22. g3 Bf6 23. Nb4 Kg7 24. Nbd5 Bxd5 25. Nxd5 Qe6 26. b4 Nb7 27. Rac1 Rh7
28. Rd3 Rdh8 29. Ra3 a5 30. Bxb6 axb4 31. Ra7 Nc5 32. Rc2 Bg5 33. Ba5 b3 34.
axb3 Nxb3 35. Bc3 Nf6 36. Qb6 Nc5 37. Nc7 Be3+ 38. Kh1 Qd7 39. Nb5 Nfxe4 40.
fxe4 Qg4 41. Rxf7+ Kxf7 42. Nxd6+ Kg8 43. Qd8+ Kg7 44. Bxe5+ Kh6 45. Nf7+ Kh5
46. Be2 Rxd8 47. Bxg4+ Kxg4 48. Nxd8 Rd7 49. Nc6 Rd1+ 0-1

[Event "Julian Mazur Memorial"]
[Site "Wellington Chess Club"]
[Date "2011.10.18"]
[Round "1"]
[White "Forster, Bill"]
[Black "Theodosiou, Andreas"]
[Result "1-0"]
[WhiteElo "1982"]
[BlackElo "1227"]

1. Nf3 d5 2. c4 Nf6 3. cxd5 Nxd5 4. e4 Nf6 5. Bc4 e6 6. Nc3 c6 7. Qe2 Bb4 8.
O-O Bxc3 9. bxc3 O-O 10. d4 b5 11. Bb3 Ba6 12. Bg5 b4 13. c4 c5 14. e5 cxd4 15.
exf6 gxf6 16. Bh6 Re8 17. Qe4 Kh8 18. Qxa8 Qc7 19. Qe4 Bb7 20. Qh4 Nd7 21. Bf4
e5 22. Bc2 Kg8 23. Qxh7+ Kf8 24. Bg6 Qxc4 25. Bh6+ Ke7 26. Be4 Bd5 27. Bxd5
Qxd5 28. Rfe1 Nf8 29. Bxf8+ Kxf8 30. Rac1 1-0

[Event "Julian Mazur Memorial"]
[Site "Wellington Chess Club"]
[Date "2011.10.18"]
[Round "1"]
[White "Ker, Anthony"]
[Black "Brockway, Andrew"]
[Result "1-0"]
[WhiteElo "2492"]
[BlackElo "1811"]

1. e4 c5 2. c3 g6 3. d4 cxd4 4. cxd4 d5 5. Nc3 dxe4 6. Bc4 Nf6 7. Qb3 e6 8. d5
exd5 9. Nxd5 Nxd5 10. Bxd5 Qe7 11. Bd2 Nc6 12. Bxc6+ bxc6 13. Qc3 e3 14. fxe3
Qe4 15. Qxh8 Qxg2 16. Bb4 Bg4 17. Qxf8+ Kd7 18. Qe7+ Kc8 19. Ba5 Bd7 20. Qd8+
1-0

[Event "Julian Mazur Memorial"]
[Site "Wellington Chess Club"]
[Date "2011.10.18"]
[Round "1"]
[White "Marney, John"]
[Black "Pomeroy, Arthur"]
[Result "0-1"]
[WhiteElo "1642"]
[BlackElo "2114"]

1. e4 c5 2. Nc3 g6 3. f4 Bg7 4. Nf3 Nc6 5. Bb5 Nd4 6. d3 e6 7. O-O Ne7 8. Nxd4
cxd4 9. Ne2 O-O 10. c3 dxc3 11. Qb3 a6 12. Qa3 cxb2 13. Bxb2 Bxb2 14. Qxb2 axb5
15. Qxb5 d5 16. Qb2 Bd7 17. Qxb7 Bc6 18. Qb4 Ra4 19. Qb3 dxe4 20. Nc3 Qd4+ 21.
Kh1 Rb4 22. Qa3 Ra8 23. Qc1 exd3 24. Qd2 Rab8 25. Rad1 Rb2 26. Qxd3 Bxg2# 0-1